[Event "M.Tal memorial"]
[Site "Moscow RUS"]
[Date "1992.??.??"]
[Round "?"]
[White "Kharitonov, Andrei"]
[Black "Zviagintsev, Vadim"]
[Result "1/2-1/2"]
[WhiteElo "2505"]
[BlackElo "2415"]
[EventDate "1992.08.23"]
[PlyCount "46"]

1.d4 d5 2.c4 e6 3.Nf3 Nf6 4.g3 dxc4 5.Qa4+ Nc6 6.Bg2 Nd7 7.Qxc4 Nb6 8.Qd3 
e5 9.Nxe5 Nb4 10.Qc3 Qxd4 11.O-O Qxc3 12.Nxc3 Bd6 13.Nf3 Bd7 14.a3 N4d5 
15.Nxd5 Nxd5 16.e4 Nb6 17.Be3 f6 18.Rfc1 O-O 19.e5 fxe5 20.Ng5 h6 21.Ne4 
Bc6 22.Nxd6 Bxg2 23.Bxb6 cxd6 1/2-1/2

[Event "M.Tal memorial"]
[Site "Moscow RUS"]
[Date "1992.??.??"]
[Round "?"]
[White "Kharlov, Andrei"]
[Black "Kharitonov, Andrei"]
[Result "1-0"]
[WhiteElo "2545"]
[BlackElo "2505"]
[EventDate "1992.08.23"]
[PlyCount "105"]

1.d4 Nf6 2.c4 e6 3.Nc3 Bb4 4.e3 O-O 5.Ne2 d5 6.a3 Be7 7.Nf4 c6 8.Bd3 Nbd7 
9.cxd5 exd5 10.O-O Re8 11.f3 Nb6 12.Kh1 c5 13.a4 cxd4 14.exd4 a5 15.b3 Bd7
16.Bd2 Bc6 17.Bc2 Nbd7 18.g4 h6 19.Nce2 Qb6 20.Be1 Bd6 21.Bg3 Qc7 22.Qd2 
Re7 23.Nd3 Ne4 24.fxe4 dxe4 25.d5 exd3 26.Qxd3 Rxe2 27.Qh7+ Kf8 28.Rxf7+ 
Kxf7 29.Rf1+ Nf6 30.Bg6+ Ke7 31.Qxg7+ Kd8 32.Qxf6+ Qe7 33.Qxe7+ Rxe7 34.
dxc6 Bxg3 35.Rf8+ Kc7 36.Rxa8 Be1 37.cxb7 Kxb7 38.Rh8 Bd2 39.Rd8 Bc3 40.
Bd3 Kc7 41.Rd5 Re5 42.Rb5 Rxb5 43.axb5 Kd6 44.Kg2 Bf6 45.Kf3 Kd5 46.Bc4+ 
Kd4 47.b6 a4 48.bxa4 Kxc4 49.Ke4 Bd8 50.b7 Bc7 51.h4 Kc5 52.a5 Kc6 53.a6 
1-0

[Event "M.Tal memorial"]
[Site "Moscow RUS"]
[Date "1992.??.??"]
[Round "?"]
[White "Kiselev, Sergei"]
[Black "Nevostruyev, Vladimir"]
[Result "1-0"]
[WhiteElo "2540"]
[BlackElo "2385"]
[EventDate "1992.08.23"]
[PlyCount "53"]

1.d4 Nf6 2.c4 g6 3.Nc3 Bg7 4.e4 O-O 5.Bd3 c6 6.Nge2 d5 7.cxd5 cxd5 8.e5 
Nfd7 9.h4 Nc6 10.h5 Nb6 11.Qd2 e6 12.Qe3 f5 13.hxg6 hxg6 14.Qg3 Kf7 15.Bg5
Rh8 16.O-O-O Qg8 17.Nb5 Bf8 18.Rh4 Bd7 19.Rdh1 Rxh4 20.Rxh4 Nb4 21.Nd6+ 
Bxd6 22.exd6 Qg7 23.Ng1 Rh8 24.Be2 Qf8 25.Kb1 Qc8 26.Qe5 Qc2+ 27.Ka1 1-0

[Event "M.Tal memorial"]
[Site "Moscow RUS"]
[Date "1992.??.??"]
[Round "?"]
[White "Kuzmin, Gennady"]
[Black "Naumkin, Igor"]
[Result "1/2-1/2"]
[WhiteElo "2535"]
[BlackElo "2460"]
[EventDate "1992.08.23"]
[PlyCount "124"]

1.Nf3 Nf6 2.g3 b6 3.Bg2 Bb7 4.O-O e6 5.d3 d5 6.Nbd2 Nbd7 7.c4 Be7 8.cxd5 
exd5 9.Nd4 O-O 10.Nf5 Re8 11.Nxe7+ Qxe7 12.Re1 Ne5 13.Nf1 c5 14.Bf4 Nc6 
15.Ne3 Qe6 16.Bg5 d4 17.Nc4 h6 18.Bxf6 Qxf6 19.a3 Rab8 20.Rc1 Ne7 21.Bxb7 
Rxb7 22.e4 dxe3 23.Rxe3 Rd8 24.Rf3 Qe6 25.Re3 Qf6 26.Rf3 Qg5 27.Qf1 Nc6 
28.Re1 Rbd7 29.Rfe3 Kh7 30.Qg2 Qg6 31.h4 Rd5 32.Re8 Rxe8 33.Rxe8 Rxd3 34.
Kh2 Rd4 35.Qf3 Rd3 36.Qf4 Rd5 37.Ne3 Rd6 38.Kg2 h5 39.Qf3 Rf6 40.Qd5 Rd6 
41.Qf3 Rd7 42.Rc8 Ne7 43.Rf8 Nc6 44.Rc8 Ne5 45.Qa8 Qe6 46.Rh8+ Kg6 47.Kg1 
Ng4 48.Qf3 f6 49.Ng2 Kf7 50.Nf4 Qe1+ 51.Kg2 c4 52.Nh3 Qe5 53.Rc8 b5 54.Rc6
Qd5 55.Qxd5+ Rxd5 56.Rc7+ Ke8 57.Nf4 Rd2 58.Nxh5 g6 59.Ng7+ Kd8 60.Ne6+ 
Ke8 61.Ng7+ Kf8 62.Ne6+ Ke8 1/2-1/2

[Event "M.Tal memorial"]
[Site "Moscow RUS"]
[Date "1992.??.??"]
[Round "?"]
[White "Makarichev, Sergei"]
[Black "Dolmatov, Sergei"]
[Result "1/2-1/2"]
[WhiteElo "2530"]
[BlackElo "2595"]
[EventDate "1992.08.23"]
[PlyCount "46"]

1.e4 c5 2.Nf3 e6 3.b3 Nc6 4.Bb2 Nf6 5.e5 Nd5 6.g3 Nde7 7.Nc3 Nf5 8.Ne4 Be7
9.Bg2 O-O 10.O-O d5 11.exd6 Bxd6 12.Nxd6 Qxd6 13.Re1 Bd7 14.Ne5 Nxe5 15.
Bxe5 Qb6 16.a4 a5 17.d3 Bc6 18.Be4 Bxe4 19.dxe4 Nd4 20.Bxd4 cxd4 21.e5 
Rfd8 22.Re4 Rac8 23.Qd2 d3 1/2-1/2

[Event "M.Tal memorial"]
[Site "Moscow RUS"]
[Date "1992.??.??"]
[Round "?"]
[White "Malaniuk, Vladimir"]
[Black "Gufeld, Eduard"]
[Result "1-0"]
[WhiteElo "2550"]
[BlackElo "2490"]
[EventDate "1992.08.23"]
[PlyCount "69"]

1.d4 Nf6 2.Nf3 g6 3.Bg5 Bg7 4.Nbd2 d5 5.e3 O-O 6.Be2 c5 7.c3 cxd4 8.exd4 
Nc6 9.O-O Bf5 10.Re1 Qd6 11.Bh4 Rac8 12.Nf1 Ne4 13.Bd3 Bh6 14.Ne3 Kh8 15.
Nxd5 Qxd5 16.c4 Nxf2 17.cxd5 Nxd1 18.Bxf5 gxf5 19.Raxd1 Nb4 20.Bxe7 Nxd5 
21.Bxf8 Rxf8 22.Re5 Ne3 23.Rd3 f4 24.Rh5 Bg7 25.Rc5 b6 26.Rc7 Nd5 27.Rxa7 
Rc8 28.Rxf7 Kg8 29.Rf5 Ne3 30.Rxf4 Bh6 31.Re4 Rc1+ 32.Kf2 Rc2+ 33.Rd2 Nd1+
34.Ke2 Bxd2 35.Kxd1 1-0

[Event "M.Tal memorial"]
[Site "Moscow RUS"]
[Date "1992.??.??"]
[Round "?"]
[White "Malaniuk, Vladimir"]
[Black "Nikolenko, Oleg"]
[Result "1-0"]
[WhiteElo "2550"]
[BlackElo "2465"]
[EventDate "1992.08.23"]
[PlyCount "82"]

1.d4 Nf6 2.Nf3 e6 3.e3 b6 4.Bd3 Bb7 5.O-O d5 6.c4 Nbd7 7.Nc3 Bd6 8.b3 O-O 
9.Bb2 Ne4 10.Ne2 Qf6 11.Ng3 Rfe8 12.Qc2 Qg6 13.b4 Bxg3 14.hxg3 dxc4 15.
Qxc4 Rec8 16.Qc2 f5 17.Qa4 Qe8 18.Ba6 Bxa6 19.Qxa6 c5 20.bxc5 bxc5 21.Rac1
Nb6 22.dxc5 Nxc5 23.Qa3 Nca4 24.Ba1 Rxc1 25.Rxc1 Rc8 26.Rxc8 Qxc8 27.Qd6 
h6 28.Bd4 Nd5 29.Ne5 Ndc3 30.Bxc3 Nxc3 31.Qe7 Kh7 32.Qf7 Ne2+ 33.Kh2 Qc1 
34.Nf3 Qc4 35.Qxa7 Nc3 36.Nd4 Qxa2 37.Qf7 Qb2 38.Nxe6 Ne2 39.Nf8+ Kh8 40.
Ng6+ Kh7 41.Ne7 Qb8 1-0

[Event "M.Tal memorial"]
[Site "Moscow RUS"]
[Date "1992.??.??"]
[Round "?"]
[White "Marszalek, Rafal"]
[Black "Dvoirys, Semen"]
[Result "1/2-1/2"]
[WhiteElo "2275"]
[BlackElo "2515"]
[EventDate "1992.08.23"]
[PlyCount "34"]

1.Nf3 c5 2.b3 d5 3.e3 Nf6 4.Bb2 Nc6 5.Bb5 Bd7 6.O-O e6 7.d3 Nb8 8.Bxd7+ 
Nbxd7 9.Nbd2 Be7 10.e4 O-O 11.Re1 d4 12.a4 a6 13.a5 Ne8 14.Qe2 Nd6 15.e5 
Nb5 16.Nc4 Nc7 17.Bc1 Nd5 1/2-1/2

[Event "M.Tal memorial"]
[Site "Moscow RUS"]
[Date "1992.??.??"]
[Round "?"]
[White "Marszalek, Rafal"]
[Black "Gufeld, Eduard"]
[Result "1/2-1/2"]
[WhiteElo "2275"]
[BlackElo "2490"]
[EventDate "1992.08.23"]
[PlyCount "87"]

1.c4 g6 2.Nc3 Bg7 3.g3 e5 4.e4 Nc6 5.Nge2 f5 6.d3 Nf6 7.Bg2 d6 8.O-O O-O 
9.Nd5 h6 10.f3 g5 11.Be3 Be6 12.Rc1 Qd7 13.Nxf6+ Bxf6 14.exf5 Bxf5 15.d4 
exd4 16.Nxd4 Rae8 17.Bf2 Bh3 18.Nxc6 bxc6 19.Bd4 Bxg2 20.Kxg2 Bxd4 21.Qxd4
Re2+ 22.Rf2 Qf5 23.Rc3 Rfe8 24.Qd3 Qe6 25.Rxe2 Qxe2+ 26.Kh3 Qe6+ 27.Kg2 c5
28.Rc2 Kg7 29.Qc3+ Kf7 30.Qd3 Re7 31.Rf2 Ke8 32.g4 Kd7 33.Rc2 Qe1 34.Qf5+ 
Kc6 35.Qd5+ Kb6 36.Qd2 Qb1 37.b4 Re1 38.bxc5+ Ka6 39.cxd6 Rg1+ 40.Kf2 Rh1 
41.Ke3 Re1+ 42.Kf2 Rh1 43.Ke3 Re1+ 44.Kf2 1/2-1/2

[Event "M.Tal memorial"]
[Site "Moscow RUS"]
[Date "1992.??.??"]
[Round "?"]
[White "Marszalek, Rafal"]
[Black "Kharitonov, Andrei"]
[Result "1/2-1/2"]
[WhiteElo "2275"]
[BlackElo "2505"]
[EventDate "1992.08.23"]
[PlyCount "116"]

1.d4 Nf6 2.Nf3 d5 3.c4 e6 4.g3 Bb4+ 5.Bd2 Be7 6.Bg2 O-O 7.Qc2 c6 8.O-O b6 
9.Bf4 Ba6 10.Nbd2 Nbd7 11.Rfe1 Nh5 12.cxd5 Nxf4 13.gxf4 cxd5 14.Qa4 Bb7 
15.e3 a6 16.Qb3 Nf6 17.Rac1 Qd6 18.Rc2 Rfc8 19.Rec1 Ne8 20.Rxc8 Rxc8 21.
Rxc8 Bxc8 22.Qc2 Qc7 23.Qxc7 Nxc7 24.Ne5 Kf8 25.Bf1 f6 26.Nef3 h6 27.h4 g6
28.Bd3 Kg7 29.Nb1 Bd7 30.a3 b5 31.Nc3 a5 32.Bc2 Ne8 33.a4 b4 34.Nb1 Nd6 
35.b3 Nf7 36.Nbd2 Bd6 37.Kg2 e5 38.fxe5 fxe5 39.dxe5 Nxe5 40.Nxe5 Bxe5 41.
f4 Bc3 42.Nf3 Kf6 43.Nd4 Bxd4 44.exd4 Bf5 45.Bd1 Be4+ 46.Kf2 Kf5 47.Kg3 
Bb1 48.Bf3 Ke6 49.Bg4+ Bf5 50.Bd1 Be4 51.Bg4+ Kf6 52.Bd1 h5 53.Kf2 Ke6 54.
Ke2 Bf5 55.Kf2 Bb1 56.Ke3 Bf5 57.Kf2 Be4 58.Ke2 Kf6 1/2-1/2

[Event "M.Tal memorial"]
[Site "Moscow RUS"]
[Date "1992.??.??"]
[Round "?"]
[White "Minasian, Artashes"]
[Black "Chekhov, Valery"]
[Result "1-0"]
[WhiteElo "2545"]
[BlackElo "2550"]
[EventDate "1992.08.23"]
[PlyCount "55"]

1.e4 c5 2.Nc3 e6 3.f4 d5 4.Nf3 dxe4 5.Nxe4 Be7 6.Bc4 Nf6 7.d3 O-O 8.O-O 
Nc6 9.a4 b6 10.Bd2 Bb7 11.Kh1 Nd4 12.Nxd4 cxd4 13.Qe2 Qd7 14.Rf3 Rfc8 15.
Rh3 Bd5 16.Bxd5 exd5 17.Nxf6+ Bxf6 18.Qh5 h6 19.f5 Qc6 20.g4 Qxc2 21.Bxh6 
Qxb2 22.Rg1 gxh6 23.Qxh6 Bg7 24.Qh7+ Kf8 25.f6 Bxf6 26.Rf3 Bg7 27.Rxf7+ 
Kxf7 28.Rf1+ 1-0

[Event "M.Tal memorial"]
[Site "Moscow RUS"]
[Date "1992.??.??"]
[Round "?"]
[White "Minasian, Artashes"]
[Black "Dvoirys, Semen"]
[Result "1-0"]
[WhiteElo "2545"]
[BlackElo "2515"]
[EventDate "1992.08.23"]
[PlyCount "97"]

1.e4 c5 2.Nf3 d6 3.d4 cxd4 4.Nxd4 Nf6 5.Nc3 a6 6.Bg5 e6 7.f4 Nbd7 8.Qf3 
Qc7 9.O-O-O b5 10.Bd3 Bb7 11.Rhe1 Be7 12.f5 e5 13.Nb3 b4 14.Bxf6 Nxf6 15.
Nd5 Nxd5 16.exd5 Bg5+ 17.Kb1 Kf8 18.g3 a5 19.h4 Bf6 20.Be4 a4 21.Nc1 Ke7 
22.Re3 Rhc8 23.Qf2 h5 24.Qd2 Qb6 25.Qe2 Ra5 26.Qf3 Rac5 27.Ree1 Rc4 28.
Qxh5 Qc7 29.Qe2 a3 30.Qf2 axb2 31.Kxb2 Qa5 32.Kb1 Ra8 33.g4 Kd7 34.g5 Bd8 
35.f6 gxf6 36.Qf5+ Kc7 37.gxf6 Bc8 38.Qh7 Bg4 39.Qxf7+ Kb6 40.Rd3 Qc5 41.
Rb3 Qf2 42.Bd3 Rc7 43.Rf1 Qxf1 44.Rxb4+ Ka5 45.Qxc7+ Bxc7 46.Rb5+ Ka4 47.
Bxf1 Bd8 48.f7 Bxh4 49.c3 1-0

[Event "M.Tal memorial"]
[Site "Moscow RUS"]
[Date "1992.??.??"]
[Round "?"]
[White "Minasian, Artashes"]
[Black "Nikolaev, Sergei"]
[Result "1/2-1/2"]
[WhiteElo "2545"]
[BlackElo "2425"]
[EventDate "1992.08.23"]
[PlyCount "85"]

1.b3 d5 2.Bb2 Bg4 3.g3 Nd7 4.Bg2 Ngf6 5.Nf3 e6 6.O-O Bd6 7.c4 O-O 8.d3 c5 
9.Nbd2 Re8 10.Qc2 Rc8 11.Rae1 Qc7 12.e3 h6 13.Nh4 dxc4 14.dxc4 g5 15.Nhf3 
Bf5 16.e4 Bg6 17.Nb1 a6 18.Qc3 e5 19.Nfd2 Bf8 20.Qc2 Rcd8 21.Qc1 Nb8 22.f4
gxf4 23.gxf4 Nc6 24.f5 Bh5 25.Nc3 Nb4 26.Re3 Rd3 27.Qe1 Qd8 28.Nd5 Kh8 29.
Rg3 Nc2 30.Qf2 Rxg3 31.Qxg3 Nd4 32.Bxd4 exd4 33.e5 Nxd5 34.cxd5 Qg5 35.
Qxg5 hxg5 36.Re1 b5 37.Kf2 Bg7 38.f6 Bh6 39.d6 g4 40.Nf1 Bf4 41.d7 Rd8 42.
Bc6 d3 43.e6 1/2-1/2

[Event "M.Tal memorial"]
[Site "Moscow RUS"]
[Date "1992.??.??"]
[Round "?"]
[White "Minasian, Artashes"]
[Black "Nikolenko, Oleg"]
[Result "0-1"]
[WhiteElo "2545"]
[BlackElo "2465"]
[EventDate "1992.08.23"]
[PlyCount "68"]

1.b3 Nf6 2.Bb2 g6 3.e4 d6 4.g3 Bg7 5.Bg2 c5 6.Ne2 Nc6 7.O-O O-O 8.h3 e5 9.
d3 Nh5 10.Nd2 f5 11.exf5 gxf5 12.f4 Qe8 13.Nc4 Qg6 14.fxe5 Nxe5 15.Qe1 Rb8
16.Nf4 Nxf4 17.gxf4 Nxc4 18.Bxg7 Re8 19.Qf2 Ne3 20.Bc3 Nxf1 21.Rxf1 Kf7 
22.Kh2 Rg8 23.Bf3 Bd7 24.Qh4 Rbe8 25.Bd5+ Be6 26.Bf3 Kf8 27.Bf6 h6 28.Re1 
b5 29.c4 b4 30.Kh1 Qh7 31.Bh5 Qb7+ 32.Re4 fxe4 33.Bf3 exf3 34.Qxh6+ Rg7 
0-1

[Event "M.Tal memorial"]
[Site "Moscow RUS"]
[Date "1992.??.??"]
[Round "?"]
[White "Muhutdinov, Marat"]
[Black "Dvoirys, Semen"]
[Result "1-0"]
[WhiteElo "2440"]
[BlackElo "2515"]
[EventDate "1992.08.23"]
[PlyCount "128"]

1.e4 c5 2.Nf3 d6 3.d4 cxd4 4.Nxd4 Nf6 5.Nc3 a6 6.Bc4 e6 7.O-O b5 8.Bb3 Bb7
9.Re1 Nbd7 10.Bg5 h6 11.Bxf6 Nxf6 12.Qf3 Qb6 13.Rad1 O-O-O 14.a4 b4 15.Na2
Rd7 16.c4 Be7 17.Bc2 Rc7 18.Qb3 d5 19.cxd5 exd5 20.e5 Ne4 21.Bxe4 dxe4 22.
Qxf7 Bc5 23.Qe6+ Kb8 24.Qxb6 Bxb6 25.Nxb4 Ba5 26.Ndc2 Rc4 27.Re2 Bxb4 28.
b3 Rxc2 29.Rxc2 Re8 30.Rd7 g5 31.Rh7 e3 32.Rxh6 Rxe5 33.fxe3 Rxe3 34.Rh8+ 
Ka7 35.Rg8 Re5 36.Kf2 Bd5 37.Rg6 Bxb3 38.Rc7+ Kb8 39.Rh7 a5 40.Rgg7 Bc5+ 
41.Kg3 Bd6 42.Rd7 Rd5+ 43.Kf3 Kc8 44.Ra7 Rf5+ 45.Kg4 Be6 46.Kh5 g4+ 47.Kh4
Kb8 48.Rab7+ Kc8 49.Rbg7 Kb8 50.Rxg4 Rc5 51.Rg6 Bf5 52.Rg8+ Bc8 53.g4 Bxh2
54.Rh5 Bd6 55.Rxc5 Bxc5 56.g5 Kc7 57.g6 Bd4 58.g7 Bd7 59.Rc8+ Bxc8 60.g8=Q
Bb6 61.Qc4+ Kb7 62.Kg5 Bd7 63.Kf6 Bc6 64.Ke6 Bc7 1-0

[Event "M.Tal memorial"]
[Site "Moscow RUS"]
[Date "1992.??.??"]
[Round "?"]
[White "Muhutdinov, Marat"]
[Black "Murey, Jacob"]
[Result "1/2-1/2"]
[WhiteElo "2440"]
[BlackElo "2495"]
[EventDate "1992.08.23"]
[PlyCount "77"]

1.e4 e5 2.Nf3 Nc6 3.Bb5 a6 4.Ba4 Nf6 5.O-O Be7 6.Re1 b5 7.Bb3 d6 8.c3 O-O 
9.h3 Na5 10.Bc2 c5 11.d4 Re8 12.dxe5 dxe5 13.Nxe5 Bd6 14.f4 Bb7 15.Nd2 
Bxe5 16.fxe5 Rxe5 17.Qe2 Re8 18.e5 Nd7 19.Qd3 Nf8 20.Qg3 Ng6 21.Ne4 Rxe5 
22.Bg5 Qb6 23.Nd2 f6 24.Rxe5 Nxe5 25.Bf4 Re8 26.Re1 Qd8 27.Kh2 Nac4 28.
Nxc4 Nxc4 29.Bh6 Re7 30.Rxe7 Qxe7 31.Bxg7 Qe5 32.Bxf6+ Qxg3+ 33.Kxg3 Nxb2 
34.Kf2 Bd5 35.Bb1 Nc4 36.Be7 Nd2 37.Bc2 Bxa2 38.Bxc5 Bb1 39.Ke2 1/2-1/2

[Event "M.Tal memorial"]
[Site "Moscow RUS"]
[Date "1992.??.??"]
[Round "?"]
[White "Muhutdinov, Marat"]
[Black "Naumkin, Igor"]
[Result "0-1"]
[WhiteElo "2440"]
[BlackElo "2460"]
[EventDate "1992.08.23"]
[PlyCount "54"]

1.e4 e6 2.d4 d5 3.exd5 exd5 4.Nf3 Bd6 5.c4 Nf6 6.Nc3 dxc4 7.Bxc4 O-O 8.O-O
Nc6 9.Bg5 Bg4 10.Re1 Bxf3 11.Qxf3 Nxd4 12.Qxb7 Bxh2+ 13.Kh1 Bd6 14.Nd5 Rb8
15.Qxa7 Nc2 16.Bd3 Nxe1 17.Bxf6 gxf6 18.Rxe1 Be5 19.Qa4 Re8 20.Qg4+ Kf8 
21.Ne3 f5 22.Bxf5 Rxb2 23.Bd7 h5 24.Qa4 Re7 25.Bc6 Rxf2 26.Qh4 Qd2 27.Rb1 
Qxe3 0-1

[Event "M.Tal memorial"]
[Site "Moscow RUS"]
[Date "1992.??.??"]
[Round "?"]
[White "Murey, Jacob"]
[Black "Donchenko, Anatoly"]
[Result "1/2-1/2"]
[WhiteElo "2495"]
[BlackElo "2380"]
[EventDate "1992.08.23"]
[PlyCount "117"]

1.e4 c5 2.Nc3 Nc6 3.g3 g6 4.Bg2 Bg7 5.Nge2 Rb8 6.O-O b5 7.Nd5 e6 8.Ne3 
Nge7 9.c3 O-O 10.d4 cxd4 11.Nxd4 b4 12.Nxc6 dxc6 13.cxb4 Ba6 14.Qxd8 Rfxd8
15.Rd1 Rxd1+ 16.Nxd1 Rxb4 17.Be3 Bd4 18.a3 Ra4 19.Nc3 Bxc3 20.bxc3 f5 21.
exf5 gxf5 22.Bxa7 Nd5 23.Bd4 Kf7 24.Bf3 Bc4 25.Bd1 Ra5 26.a4 Ke7 27.Bc2 
Kd6 28.f4 c5 29.Be5+ Kc6 30.Kf2 Ra7 31.a5 Kb5 32.Ba4+ Ka6 33.Bc6 Ne7 34.
Bf3 Rd7 35.h3 Rd2+ 36.Kg1 Bd5 37.Rd1 Rc2 38.Bxd5 Nxd5 39.g4 Nxc3 40.Rd6+ 
Kxa5 41.Rxe6 Ne2+ 42.Kf1 Ng3+ 43.Ke1 c4 44.gxf5 Nxf5 45.Rf6 Ng3 46.Bc7+ 
Kb4 47.f5 Re2+ 48.Kd1 Rg2 49.Bxg3 Rxg3 50.Rb6+ Kc3 51.f6 Rxh3 52.Ke2 Rh2+ 
53.Ke3 Rh1 54.Ke4 Rf1 55.Ke5 Kd3 56.Rd6+ Ke3 57.Rc6 Kd3 58.Rd6+ Kc2 59.Rd7
1/2-1/2

[Event "M.Tal memorial"]
[Site "Moscow RUS"]
[Date "1992.??.??"]
[Round "?"]
[White "Murey, Jacob"]
[Black "Salov, Sergei"]
[Result "1-0"]
[WhiteElo "2495"]
[BlackElo "2235"]
[EventDate "1992.08.23"]
[PlyCount "75"]

1.e4 c5 2.Nc3 Nc6 3.g3 g6 4.Bg2 Bg7 5.Nge2 d6 6.O-O e6 7.a3 Nge7 8.Rb1 a5 
9.Nb5 e5 10.c3 O-O 11.d4 cxd4 12.cxd4 Bg4 13.d5 Qb6 14.h3 Bxe2 15.Qxe2 Nd4
16.Nxd4 exd4 17.b4 Rac8 18.Bd2 a4 19.Qd3 g5 20.Rfc1 Ng6 21.Bxg5 h6 22.Rxc8
Rxc8 23.Rc1 Rxc1+ 24.Bxc1 Qc7 25.Qd2 Ne5 26.f4 Nc4 27.Qc2 b5 28.Bf1 Kf8 
29.Bd3 Ke7 30.Kh2 Kd8 31.Qd1 Bf6 32.Qg4 Ke7 33.h4 Nb6 34.e5 dxe5 35.fxe5 
Qxe5 36.Bxh6 Nxd5 37.Qc8 Qc7 38.Bf8# 1-0

[Event "M.Tal memorial"]
[Site "Moscow RUS"]
[Date "1992.??.??"]
[Round "?"]
[White "Murey, Jacob"]
[Black "Sokolov, Andrei"]
[Result "1/2-1/2"]
[WhiteElo "2495"]
[BlackElo "2565"]
[EventDate "1992.08.23"]
[PlyCount "68"]

1.c4 Nf6 2.Nc3 e5 3.Nf3 Nc6 4.Qa4 g6 5.d3 Bg7 6.Bg5 h6 7.Bxf6 Qxf6 8.e3 
O-O 9.Be2 Qd8 10.Rc1 d6 11.b4 Ne7 12.O-O f5 13.Nd2 f4 14.exf4 exf4 15.Bf3 
Nf5 16.Rfe1 Nd4 17.Qd1 Nxf3+ 18.Qxf3 c6 19.b5 Bd7 20.Nde4 Qc7 21.bxc6 bxc6
22.c5 dxc5 23.Nxc5 Rae8 24.Rxe8 Rxe8 25.Ne2 g5 26.h4 Bf5 27.hxg5 hxg5 28.
Ne4 Qe5 29.Rxc6 Bxe4 30.dxe4 Qxe4 31.Qb3+ Kh8 32.Qh3+ Kg8 33.Qb3+ Kh8 34.
Qh3+ Kg8 1/2-1/2

[Event "M.Tal memorial"]
[Site "Moscow RUS"]
[Date "1992.??.??"]
[Round "?"]
[White "Naumkin, Igor"]
[Black "Minasian, Artashes"]
[Result "1/2-1/2"]
[WhiteElo "2460"]
[BlackElo "2545"]
[EventDate "1992.08.23"]
[PlyCount "84"]

1.d4 Nf6 2.c4 c5 3.d5 g6 4.Nc3 Bg7 5.e4 d6 6.Nf3 O-O 7.Be2 e6 8.O-O exd5 
9.cxd5 Bg4 10.Bf4 Re8 11.Nd2 Bxe2 12.Qxe2 Nh5 13.Be3 a6 14.a4 Nd7 15.a5 
Qh4 16.Ra4 Ne5 17.f3 Nf4 18.Bxf4 Qxf4 19.g3 Qf6 20.f4 Nd7 21.e5 dxe5 22.
Nde4 Qd8 23.f5 b5 24.axb6 Nxb6 25.Raa1 gxf5 26.Rxf5 Nxd5 27.Raf1 Nxc3 28.
bxc3 Qb6 29.Qg4 c4+ 30.Kg2 Kh8 31.Rh5 Re6 32.Ng5 Rg6 33.Rxf7 h6 34.Qf5 
Qc6+ 35.Ne4 Rb8 36.Qf3 Rb2+ 37.Kh3 Qe6+ 38.Rhf5 Rb8 39.Nc5 Qc6 40.Ne4 Qe6 
41.Kg2 Rb2+ 42.Kh3 Rb8 1/2-1/2

[Event "M.Tal memorial"]
[Site "Moscow RUS"]
[Date "1992.??.??"]
[Round "?"]
[White "Nevostruyev, Vladimir"]
[Black "Smagin, Sergei"]
[Result "1/2-1/2"]
[WhiteElo "2385"]
[BlackElo "2550"]
[EventDate "1992.08.23"]
[PlyCount "105"]

1.e4 e5 2.Nf3 Nc6 3.Bb5 a6 4.Ba4 Nf6 5.O-O Be7 6.Re1 b5 7.Bb3 d6 8.c3 O-O 
9.d4 Bg4 10.d5 Na5 11.Bc2 Qc8 12.h3 Bd7 13.Nbd2 c6 14.dxc6 Qxc6 15.Nf1 
Rfe8 16.Ng3 Rac8 17.Bb1 Nc4 18.Qe2 a5 19.b3 Nb6 20.Be3 Na8 21.c4 b4 22.a3 
Nc7 23.axb4 axb4 24.Bg5 Ne6 25.Bd2 Qb7 26.Ra2 Nc5 27.Bc2 Ra8 28.Rea1 Rxa2 
29.Rxa2 Bc6 30.Qe1 Ncxe4 31.Nxe4 Nxe4 32.Bxb4 Nf6 33.Bd1 g6 34.Ra3 Bf8 35.
Ra2 Nh5 36.Bd2 Bxf3 37.gxf3 Ng7 38.Qe4 Qc8 39.Kh2 Nf5 40.b4 Bh6 41.Ba4 
Bxd2 42.Bxe8 Bf4+ 43.Kg1 Qd8 44.Qd5 Qf6 45.Bxf7+ Kg7 46.Ra7 Be3 47.c5 Bxc5
48.bxc5 Qg5+ 49.Kh1 Qc1+ 50.Kh2 Qf4+ 51.Kg2 Qg5+ 52.Kh2 Qf4+ 53.Kg2 
1/2-1/2

[Event "M.Tal memorial"]
[Site "Moscow RUS"]
[Date "1992.??.??"]
[Round "?"]
[White "Nevostruyev, Vladimir"]
[Black "Zayats, Elena"]
[Result "1-0"]
[WhiteElo "2385"]
[BlackElo "2305"]
[EventDate "1992.08.23"]
[PlyCount "47"]

1.e4 e5 2.Nf3 Nc6 3.Bb5 a6 4.Ba4 Nf6 5.O-O Be7 6.Re1 d6 7.c3 Bg4 8.d4 b5 
9.Bb3 Bxf3 10.Qxf3 exd4 11.Qg3 Rg8 12.a4 b4 13.a5 Kf8 14.Ba4 Nxa5 15.cxd4 
d5 16.exd5 Nxd5 17.Nd2 h6 18.Nf3 g5 19.Ne5 f6 20.Qf3 Qd6 21.Bc2 Nb7 22.Nc4
Qd8 23.Be4 c6 24.Ne5 1-0

[Event "M.Tal memorial"]
[Site "Moscow RUS"]
[Date "1992.??.??"]
[Round "?"]
[White "Nikolaev, Sergei"]
[Black "Glek, Igor"]
[Result "0-1"]
[WhiteElo "2425"]
[BlackElo "2515"]
[EventDate "1992.08.23"]
[PlyCount "54"]

1.d4 f5 2.g3 Nf6 3.Bg2 g6 4.Nf3 Bg7 5.O-O O-O 6.b3 d6 7.Bb2 Qe8 8.c4 Na6 
9.Nbd2 e5 10.dxe5 Ng4 11.Qc2 dxe5 12.e4 Nb4 13.Qc3 Nc6 14.exf5 gxf5 15.
Rfe1 Bf6 16.Nh4 f4 17.Bd5+ Kh8 18.Nhf3 Qh5 19.Ne4 Bg7 20.Ba3 Bd7 21.Bxf8 
Rxf8 22.Bxc6 Bxc6 23.b4 Nxf2 24.Kxf2 fxg3+ 25.hxg3 Qh2+ 26.Kf1 Bxe4 27.
Rxe4 Qxg3 0-1

[Event "M.Tal memorial"]
[Site "Moscow RUS"]
[Date "1992.??.??"]
[Round "?"]
[White "Nikolaev, Sergei"]
[Black "Samarin, Igor"]
[Result "1/2-1/2"]
[WhiteElo "2425"]
[BlackElo "2400"]
[EventDate "1992.08.23"]
[PlyCount "86"]

1.d4 d6 2.c4 e5 3.Nf3 e4 4.Ng5 f5 5.Nc3 Nf6 6.Nh3 c6 7.e3 Na6 8.Nf4 Be7 9.
Rb1 Nc7 10.d5 O-O 11.h4 Ng4 12.g3 c5 13.Be2 Ne5 14.Bd2 g6 15.b4 b6 16.bxc5
dxc5 17.a4 Ne8 18.Qb3 Ng7 19.a5 bxa5 20.Qa2 Rf6 21.Nb5 Ra6 22.Bc3 Nf7 23.
O-O Bd7 24.Rfd1 Ne8 25.Qa3 Rc8 26.Ra1 a4 27.Rd2 Rb8 28.Rb2 Rb7 29.Rab1 Bf8
30.Bd1 Ned6 31.Qa2 a3 32.Nxa3 Rxa3 33.Qxa3 Nxc4 34.Qa2 Nxb2 35.Rxb2 Rxb2 
36.Bxb2 Bd6 37.Be2 Qb8 38.Ne6 Qb6 39.Qa1 Qb8 40.Bh8 Be5 41.Bxe5 Qxe5 42.
Qxa7 Bxe6 43.dxe6 Qxe6 1/2-1/2

[Event "M.Tal memorial"]
[Site "Moscow RUS"]
[Date "1992.??.??"]
[Round "?"]
[White "Nikolenko, Oleg"]
[Black "Dolmatov, Sergei"]
[Result "1/2-1/2"]
[WhiteElo "2465"]
[BlackElo "2595"]
[EventDate "1992.08.23"]
[PlyCount "82"]

1.e4 c5 2.Nf3 Nc6 3.d4 cxd4 4.Nxd4 Nf6 5.Nc3 e5 6.Ndb5 d6 7.Bg5 a6 8.Na3 
b5 9.Nd5 Be7 10.Bxf6 Bxf6 11.c3 O-O 12.Nc2 Rb8 13.Bd3 Bg5 14.O-O Be6 15.a4
bxa4 16.Ndb4 Ne7 17.Bxa6 f5 18.exf5 Rxf5 19.Bd3 Rf6 20.Rxa4 d5 21.Ra7 Rh6 
22.Be2 d4 23.Bg4 Bc4 24.Be2 Bf7 25.Qa1 Rd6 26.Qa5 Qxa5 27.Rxa5 Bf6 28.Na3 
e4 29.Nb5 Rdb6 30.cxd4 Be8 31.Bc4+ Kf8 32.Na6 Rxa6 33.Rxa6 Bxb5 34.Bxb5 
Rxb5 35.Re6 Rxb2 36.Rxe4 Rd2 37.Rfe1 Nf5 38.R1e2 Rd3 39.g3 Nxd4 40.Ra2 Kf7
41.Kg2 Nc6 1/2-1/2

[Event "M.Tal memorial"]
[Site "Moscow RUS"]
[Date "1992.??.??"]
[Round "?"]
[White "Nikolenko, Oleg"]
[Black "Podgaets, Mikhail"]
[Result "1/2-1/2"]
[WhiteElo "2465"]
[BlackElo "2450"]
[EventDate "1992.08.23"]
[PlyCount "137"]

1.e4 c6 2.d4 d5 3.Nc3 dxe4 4.Nxe4 Nd7 5.Nf3 Ngf6 6.Nxf6+ Nxf6 7.c3 Bg4 8.
h3 Bxf3 9.Qxf3 Qd5 10.Be2 e6 11.O-O Qxf3 12.Bxf3 Bd6 13.Bd2 O-O 14.Rad1 
Rfd8 15.g3 Rd7 16.Bc1 Rad8 17.Kg2 Be7 18.Be2 Nd5 19.f4 g6 20.g4 f5 21.Kg3 
b5 22.Rde1 Bd6 23.Bf3 Re7 24.Re2 Kf7 25.Rfe1 Rg8 26.g5 h6 27.h4 Rh8 28.Bd2
a5 29.b3 hxg5 30.hxg5 Bc7 31.c4 bxc4 32.bxc4 Nb4 33.d5 cxd5 34.cxd5 Rhe8 
35.Bxb4 axb4 36.dxe6+ Kg7 37.Rh2 Rxe6 38.Reh1 Kf8 39.Rh7 Bd6 40.Rd7 Be7 
41.Rh8+ Kf7 42.Rh1 Rd6 43.Rb7 Rd3 44.Re1 Kf8 45.Re6 Ra3 46.Rxg6 Rc8 47.Re6
Rcc3 48.Kh4 Rxf3 49.Kh5 Bd8 50.Kg6 Rfe3 51.Rxe3 Rxe3 52.Rxb4 Re6+ 53.Kxf5 
Ra6 54.a4 Be7 55.Re4 Ra5+ 56.Kg6 Ra6+ 57.Kh7 Ra7 58.Kh6 Ra6+ 59.g6 Bf6 60.
Rc4 Ra8 61.Rc7 Kg8 62.f5 Bd4 63.Rc4 Bf6 64.Rc7 Bd4 65.Re7 Bc3 66.Rd7 Bf6 
67.Rb7 Bc3 68.Rd7 Bf6 69.Rb7 1/2-1/2

[Event "M.Tal memorial"]
[Site "Moscow RUS"]
[Date "1992.??.??"]
[Round "?"]
[White "Petrosian, Arshak"]
[Black "Tseshkovsky, Vitaly"]
[Result "1/2-1/2"]
[WhiteElo "2470"]
[BlackElo "2490"]
[EventDate "1992.08.23"]
[PlyCount "21"]

1.d4 e6 2.c4 f5 3.Nf3 Nf6 4.g3 d5 5.Bg2 c6 6.O-O Bd6 7.b3 Qe7 8.a4 a5 9.
Ba3 Bxa3 10.Nxa3 O-O 11.Nc2 1/2-1/2

[Event "M.Tal memorial"]
[Site "Moscow RUS"]
[Date "1992.??.??"]
[Round "?"]
[White "Podgaets, Mikhail"]
[Black "Danielian, Oganes"]
[Result "1-0"]
[WhiteElo "2450"]
[BlackElo "2315"]
[EventDate "1992.08.23"]
[PlyCount "59"]

1.d4 e6 2.c4 d5 3.Nc3 Be7 4.Nf3 Nf6 5.Bg5 O-O 6.e3 Nbd7 7.Rc1 a6 8.cxd5 
exd5 9.Bd3 c6 10.O-O Ne8 11.Bf4 Bd6 12.Qc2 Bxf4 13.exf4 Ndf6 14.Ne5 Nd6 
15.Ne2 g6 16.Ng3 Nfe8 17.f5 Ng7 18.fxg6 fxg6 19.Rce1 Be6 20.Qc5 Nb5 21.a4 
b6 22.Qb4 a5 23.Qd2 Nxd4 24.Bxg6 Qh4 25.f4 hxg6 26.Qxd4 c5 27.Qd3 Rxf4 28.
Nxg6 Rd4 29.Qf3 Qg5 30.Rxe6 1-0